Познай държавите в Азия - Statistics

General Stats
  • This quiz has been taken 253 times
    252 since last reset
  • The average score is 22 of 49
Answers on the Map
Answers color-coded by a green-red scale on the quiz's map according to % correct below.
 
Answer Stats
Answer % Correct
Индия
75%
Китай
74%
Монголия
73%
Япония
70%
Оман
64%
Казахстан
64%
Индонезия
64%
Турция
64%
Южна Корея
63%
Шри Ланка
58%
Саудитска Арабия
57%
Виетнам
56%
Малдиви
54%
Иран
54%
Ирак
52%
Йемен
52%
Непал
52%
Филипини
49%
Малайзия
48%
Сирия
48%
Лаос
47%
Грузия
47%
Кипър
47%
Пакистан
46%
Бангладеш
44%
Северна Корея
42%
Узбекистан
41%
ОАЕ
40%
Армения
40%
Туркменистан
39%
Йордания
39%
Бутан
39%
Тайван
39%
Камбоджа
39%
Тайланд
38%
Израел
37%
Таджикистан
34%
Сингапур
33%
Азербайджан
33%
Киргизстан
32%
Афганистан
32%
Кувейт
31%
Мианмар
30%
Бруней
26%
Ливан
25%
Източен Тимор
25%
Катар
19%
Бахрейн
18%
Източен Тимор, map-hidden
9%
No matching quizzes found
Score Distribution
Percent of People with Each Score
Percentile by Number Answered
Your Score History
You have not taken this quiz since the last reset